NLSUI OPAC header image

Short notes and multiple questions : The Indian penal code act xlv of 1860 (Record no. 35071)

MARC details
000 -LEADER
fixed length control field 00440nam a2200157Ia 4500
008 - FIXED-LENGTH DATA ELEMENTS--GENERAL INFORMATION
fixed length control field 160316s2013 xxu||||| |||| 00| 0 eng d
082 ## - DEWEY DECIMAL CLASSIFICATION NUMBER
Classification number 345.540000
Item number SHO
100 ## - MAIN ENTRY--PERSONAL NAME
Personal name
245 ## - TITLE STATEMENT
Title Short notes and multiple questions : The Indian penal code act xlv of 1860
250 ## - EDITION STATEMENT
Edition statement
260 ## - PUBLICATION, DISTRIBUTION, ETC.
Place of publication, distribution, etc. Nagpur
Name of publisher, distributor, etc. Lexis Nexis
Date of publication, distribution, etc. 2013
300 ## - PHYSICAL DESCRIPTION
Extent 278p
Other physical details
Dimensions v
365 ## - TRADE PRICE
Price amount Rs. 295
650 ## - SUBJECT ADDED ENTRY--TOPICAL TERM
Topical term or geographic name entry element 1. Criminal Law - Indian Penal Code - India
700 ## - ADDED ENTRY--PERSONAL NAME
Personal name
--
Holdings
Withdrawn status Lost status Damaged status Not for loan Home library Current library Shelving location Date acquired Cost, normal purchase price Total Checkouts Full call number Barcode Date last seen Price effective from Koha item type
        . .   30.05.2017 295.00   345.54 SHO 30813 30.05.2017 30.05.2017 BOOKs